Capitals of 2006 FIFA World Cup Teams - Statistics

General Stats
  • This quiz has been taken 191 times
  • The average score is 26 of 32
Answer Stats
Group Country Answer % Correct
Group F Brazil Brasília
97%
Group B England London
97%
Group G France Paris
97%
Group E Italy Rome
97%
Group A Germany Berlin
95%
Group C Argentina Buenos Aires
94%
Group D Portugal Lisbon
94%
Group H Spain Madrid
94%
Group F Japan Tokyo
94%
Group E United States Washington, DC
92%
Group G Switzerland Bern
91%
Group G Korea Republic Seoul
91%
Group C Netherlands Amsterdam
90%
Group F Australia Canberra
89%
Group B Sweden Stockholm
86%
Group D Mexico Mexico City
85%
Group A Poland Warsaw
85%
Group C Serbia and Montenegro Belgrade
82%
Group A Ecuador Quito
82%
Group D Iran Tehran
81%
Group F Croatia Zagreb
80%
Group H Ukraine Kiev
79%
Group E Ghana Accra
78%
Group E Czech Republic Prague
78%
Group H Tunisia Tunis
77%
Group A Costa Rica San Jose
74%
Group H Saudi Arabia Riyadh
73%
Group B Paraguay Asunción
70%
Group C Côte d'Ivoire Yamoussoukro
60%
Group D Angola Luanda
50%
Group B Trinidad and Tobago Port of Spain
49%
Group G Togo Lome
43%
No matching quizzes found
Score Distribution
Percent of People with Each Score
Percentile by Number Answered
Your Score History
You have not taken this quiz